000 00699nam a2200193 a 4500
001 BRCA_3655
005 20190320204354.0
008 971001r19961820mx-h---###---#001-0#spa-#
041 _aspa
044 _amx
050 4 _aF1232
_b.V47 1996
245 1 0 _aVerdadero origen, carácter, causas, resortes, fines y progresos de la revolución de Nueva España.
260 _aCiudad de México
_bBiblioteca Mexicana de la Fundación Miguel Alemán
_c1996
300 _a1 v. (en varias paginaciones)
_bil.
_c28 cm.
500 _aFacsímil de la edición mexicana de 1820
500 _aIncluye índice onomástico
651 4 _aMéxico
_xHistoria
_yGuerra de Independencia, 1810-1821
_99478
942 _2lcc
_cB
999 _c3388
_d3388